000 00830nam a2200241 a 4500
001 40079
003 BD-RjUL
005 20211209053130.0
008 160421s19751967bg |||| |||| 00| 0 ben d
020 _c: Tk. 16.00
035 _a(BD-RjUL)40194
040 _aBD-RjUL
_bben
_cBD-RjUL
041 _aben
082 _223
_a170
_bALN 1975
100 _aআলম, রশীদুল
_9117062
245 1 0 _aনীতিশাস্ত্রের পরিচয় /
_cরশীদুল আলম
250 _a৪র্থ সং.
260 _aঢাকা :
_bআলী পাবলিকেশনস,
_c১৯৬৭ [ মুদ্রণ ১৯৭৫]
300 _a[০৮] ৩০৩ পৃ. ;
_c২৩ সেমি.
650 _aনীতিশাস্ত্র
_9123416
650 _aEthics
_9117425
942 _2ddc
_cBK
_03
999 _c40079
_d40079